000
00293nam a2200109Ia 4500
008
201223s9999 xx 000 0 und d
100
_a
de Souza, Teotonio
245
0
_a
Indo-Portguese history : old issuse, new questions
260
_a
Calcutta
_b
Concept Publishing
300
_a
240
942
_c
BK
999
_c
8297
_d
8297